100 Random Geography Questions #2 - Statistics

General Stats
  • This quiz has been taken 112 times
  • The average score is 55 of 100
Answer Stats
Question Answer % Correct
Name a state outside USA’s mainland. Hawaii, Alaska
82%
What is the most famous landmark in France? Eiffel Tower
81%
What are you called if you’re from Ireland? Irish
81%
Name a country starting with J. Jamaica, Japan, Jordan
81%
What is the smallest country in the world? Vatican City
81%
What ocean is between America and China? Pacific Ocean
80%
What Canadian Province starts with Q? Quebec
80%
What is the longest river in the world named? The Nile
78%
What is the capital of Poland? Warsaw
78%
What is the 2nd most visited city in Spain? Barcelona
77%
What sea is located between Jordan and Jerusalem? Dead Sea
76%
Name a South American country that doesn’t border Brazil. Ecuador, Chile
76%
What is the only country to start with Q? Qatar
76%
What is the earlier capital of Australia? Sydney
76%
What country borders only France and Spain? Andorra
75%
What is the national animal of the US? Bald Eagle
75%
TACOS TACOS!!! Mexico
75%
What is the 2nd biggest Japanese city? Osaka
75%
What is the 2nd biggest, famous, and populated city in Russia? Saint Petersburg
75%
What Mountains are separating Germany and Austria? The Alps
75%
A country that starts with Z. Zambia, Zimbabwe
75%
What are you called if you’re from Belarus? Belarusian
74%
Name a South American Country that is landlocked. Paraguay, Bolivia
74%
There’s 3 countries completely surrounded by another country. Can you name one? Lesotho, Vatican City, San Marino
72%
Name a square flag. Vatican City, Monaco, Switzerland
72%
Name a country that borders only India and China Bhutan, Nepal
70%
What sea makes Ukraine not landlocked? Black Sea
70%
What country is landlocked between Azerbaijan, Georgia, Turkey and Iran? Armenia
69%
What are you called if you’re from Namibia? Namibian
68%
What is the biggest continent not to have any landlocked countries? North America
67%
What South American country has the worst relations with the US? Venezuela
67%
What famous mountain is located in South Dakota? Mount Rushmore
66%
Bergen is located in what country? Norway
66%
What is the smallest country starting with P? Palau
66%
What country recently got independence from Serbia? Kosovo
65%
What is the most western African country? Cape Verde
64%
What are you called if you’re from Hungary? Hungarian
64%
What is the tallest building in the world? Burj Khalifa
63%
What is the largest mountain in Tanzania? Kilimanjaro
63%
What island is located beneath Corsica? Sardinia
63%
What is the capital of New York? Albany
61%
What is the most famous landmark in Brazil? Christ The Redeemer
61%
What is the only country to start with “Cr”? Croatia
61%
What is the capital city of Qatar? Doha
61%
What country borders only France? Monaco
61%
What is the 4th largest North American country? Nicaragua
61%
What is the most strict country in Asia? North Korea
61%
What is the only country that The Gambia borders? Senegal
61%
Phuket is located in what country? Thailand
61%
Name a country that starts with A, but doesn’t end in A. Azerbaijan, Afghanistan
60%
What are you called if you’re from Ecuador? Ecuadorian
60%
What country borders Togo, Benin, Niger, Mali, Ghana and Ivory Coast? Burkina Faso
59%
What is the deepest point in the ocean? Mariana Trench
59%
What is the most likely country to join Russia voluntarily? Belarus
58%
What Canadian province is located in the southwest of Canada? British Columbia
57%
What are you called if you’re from Chad? Chadian
57%
Slovakia got independent from what country? Czechoslovakia
57%
What is the capital of Taiwan? Taipei
57%
What is the biggest empire formed by Turkey? Ottoman Empire
55%
What territory is between Mauritania and Morocco? Western Sahara
53%
What country has over 800 official languages? Papua New Guinea
52%
What was Russia’s empire in WW2 called? Soviet Union
52%
What is the capital of Tajikistan? Dushanbe
51%
What is the happiest country in the world? Finland
51%
Spell Ivory Coast in the actual way. Cote’d Ivoire
50%
What country do you get by flipping the Ivory Coast flag? Ireland
49%
What US State is located between Colorado, Nebraska, Oklahoma and Missouri? Kansas
48%
This country’s flag is basically Austria’s flag, but with darker red and a thinner white line. Latvia
48%
The Cook Islands are owned by what country? New Zealand
48%
What was the leader country of Yugoslavia? Serbia
48%
There’s only 2 countries that have X in their name. Can you name the smallest one? Luxembourg
44%
The biggest island that China owns is named… Hainan
43%
What weapon is on Mozambique’s Flag? Ak47
42%
What is the capital city of Rwanda? Kigali
42%
What is the capital of Cambodia? Phnom Penh
41%
What is the capital of Honduras? Tegucigalpa
40%
What is the capital of Cameroon? Yaoundé
40%
What is the capital of Arkansas? Little Rock
39%
What country has the most obesity? Nauru
39%
What is the only country to have its capital located 10000ft above water? Bolivia
38%
What country starts with G and ends with E? Greece
38%
Bangladesh with Swedish colors. Palau
38%
What is the capital of Nebraska? Lincoln
36%
What is the capital of Saint Lucia? Castries
34%
What country did Poland once unite with? Lithuania
34%
What weapon is featured on Barbados’ flag? Trident
34%
What is the only country to end in K? Denmark
33%
What African country has its capital city located on a non-mainland island? Equatorial Guinea
33%
What country contains almost all vowels in their name? Mozambique
33%
This country’s flag has a light red line on the left, which extends through the middle of the flag. Above that line is white, and below is Green. There’s also swords in the top left corner? Oman
31%
What is the only US State Flag with a different shape? Ohio
26%
What empire managed to take complete control over the whole Mediterranean Sea? Roman Empire
26%
What territory is located near the Northern Mariana Islands? Guam
25%
What does the USSR stand for? Union of Soviet Socialist Republics
16%
What can the sun in Kyrgyzstan’s Flag be referred to? (Hint: It’s a brand logo) X-Box
13%
Name a country outline that looks like a fish. Romania, Niger
9%
What British Territory is located near Cyprus? Akrotiri and Dhekelia
7%
What asian country can make a sort of “Illusion” on their flag? Kuwait
7%
What Big Chinese empire had a dragon on their flag? Qing Dynasty
7%
What is the biggest empire formed by Uzbekistan? Timurid Empire
6%
No matching quizzes found
Score Distribution
Percent of People with Each Score
Percentile by Number Answered
Your Score History
You have not taken this quiz